Giáo trình kiểm dịch thực vật và dịch hại nông sản sau thu hoạch

Giáo trình trình bày mục đích, ý nghĩa và nội dung kiểm dịch thực vật. Cơ sở khoa học, pháp lệnh điều lệ, phương pháp điều tra, kiểm tra lấy mẫu thuộc diện kiểm dịch thực vật và thủ tục lập hồ sơ kiểm dịch thực vật. Dịch hại nông s...

全面介紹

Đã lưu trong:
書目詳細資料
主要作者: Hà, Quang Hùng
格式: 圖書
語言:Undetermined
出版: Hà Nội Nông nghiệp 2005
主題:
標簽: 添加標簽
沒有標簽, 成為第一個標記此記錄!
Thư viện lưu trữ: Trung tâm Học liệu Trường Đại học Cần Thơ
LEADER 01162nam a2200217Ia 4500
001 CTU_110691
008 210402s9999 xx 000 0 und d
020 |c 36000 
082 |a 632.9 
082 |b H513g 
100 |a Hà, Quang Hùng 
245 0 |a Giáo trình kiểm dịch thực vật và dịch hại nông sản sau thu hoạch 
245 0 |c Hà Quang Hùng (Chủ biên) 
260 |a Hà Nội 
260 |b Nông nghiệp 
260 |c 2005 
520 |a Giáo trình trình bày mục đích, ý nghĩa và nội dung kiểm dịch thực vật. Cơ sở khoa học, pháp lệnh điều lệ, phương pháp điều tra, kiểm tra lấy mẫu thuộc diện kiểm dịch thực vật và thủ tục lập hồ sơ kiểm dịch thực vật. Dịch hại nông sản sau thu hoạch. Biện pháp phòng trừ dịch hại nông sản sau thu hoạch 
650 |a Pest control,Rice,Farm produce 
650 |x Diseases and injuries,Postharvest,Diseases and injuries,Storage 
904 |i Minh 
980 |a Trung tâm Học liệu Trường Đại học Cần Thơ